| 000 -LEADER |
| fixed length control field |
00510cam a2200181 i 4500 |
| 020 ## - INTERNATIONAL STANDARD BOOK NUMBER |
| ISBN |
9781633690417 (alk. paper) |
| 040 ## - CATALOGING SOURCE |
| Transcribing agency |
DLC |
| 082 00 - DEWEY DECIMAL CLASSIFICATION NUMBER |
| Classification number |
658 HAR 2015 A116 Or. |
| 100 1# - MAIN ENTRY--AUTHOR NAME |
| Personal name |
Shapiro, Mary. |
| 245 10 - TITLE STATEMENT |
| Title |
HBR guide to leading teams / |
| 246 3# - VARYING FORM OF TITLE |
| Title proper/short title |
Harvard Business Review guide to leading teams |
| 246 30 - VARYING FORM OF TITLE |
| Title proper/short title |
Guide to leading teams |
| 300 ## - PHYSICAL DESCRIPTION |
| Number of Pages |
xv, 165 pages ; |
| Dimensions |
23 cm. |
| 490 0# - SERIES STATEMENT |
| Series statement |
Harvard business review guides |
| 650 #0 - SUBJECT ADDED ENTRY--TOPICAL TERM |
| Topical Term |
Teams in the workplace |
| 650 #0 - SUBJECT ADDED ENTRY--TOPICAL TERM |
| Topical Term |
Leadership. |
| 942 ## - ADDED ENTRY ELEMENTS (KOHA) |
| Koha item type |
ADB |
| 952 ## - LOCATION AND ITEM INFORMATION (KOHA) |
| Withdrawn status [LOCAL, KOHA] |
0 |
| 952 ## - LOCATION AND ITEM INFORMATION (KOHA) |
| Withdrawn status [LOCAL, KOHA] |
0 |